[Event "Natal zt 2.4"]
[Site "Natal"]
[Date "2022.10.08"]
[Round "9"]
[White "De Saboya E Silva, Jose Frederic"]
[Black "Pinto, Carlos Henrique Lop"]
[Result "1/2-1/2"]
[WhiteElo "1962"]
[BlackElo "2152"]
[PlyCount "151"]
[EventDate "2022.10.03"]
[EventType "swiss"]
[EventRounds "9"]
[EventCountry "BRA"]
[SourceTitle "EXT 2024"]
[Source "ChessBase"]
[SourceDate "2023.10.10"]
[SourceVersion "1"]
[SourceVersionDate "2023.10.10"]
[SourceQuality "1"]

1. c4 Nf6 2. g3 g6 3. Bg2 Bg7 4. Nc3 0-0 5. d3 d6 6. e4 c6 7. Nge2 Nbd7 8. 0-0 e5 9. a3 a5 10. Rb1 Ne8 11. Be3 Nc5 12. f4 exf4 13. gxf4 Bg4 14. d4 Ne6 15. Qd2 f5 16. e5 dxe5 17. fxe5 g5 18. d5 f4 19. dxe6 fxe3 20. Qxe3 Bxe6 21. Rxf8+ Bxf8 22. Qe4 Ng7 23. Rf1 Qb6+ 24. Kh1 Qxb2 25. Na4 Qxa3 26. Nb6 Rd8 27. Nd4 Bh3 28. Nf3 Bxg2+ 29. Kxg2 Qb2+ 30. Kh1 Be7 31. Nd5 cxd5 32. cxd5 Qb4 33. Qd3 Qf4 34. d6 Bxd6 35. Qd5+ Kh8 36. exd6 Qxd6 37. Qxd6 Rxd6 38. Nxg5 Kg8 39. Ne4 Rd8 40. Nf6+ Kh8 41. Rb1 a4 42. Rxb7 Ra8 43. Rb2 Ne6 44. Rb7 Nf8 45. Rb2 Kg7 46. Nd5 Ne6 47. Ra2 Nc5 48. Nb6 Ra6 49. Nc4 Kf7 50. Re2 Re6 51. Ra2 Ke7 52. Kg2 Rf6 53. Ra3 Kd7 54. Kg3 Kc6 55. Re3 Kb5 56. Na3+ Ka5 57. Nc2 Rd6 58. Re5 Rd3+ 59. Kg4 Kb5 60. Re8 Kc4 61. h4 Kb3 62. Re2 Rc3 63. Na1+ Kc4 64. h5 Rc1 65. Ra2 Kb4 66. Kg5 Ne4+ 67. Kh6 Nc3 68. Rb2+ Ka3 69. Rc2 Rxc2 70. Nxc2+ Kb3 71. Na1+ Kb2 72. Kxh7 Kxa1 73. Kg6 a3 74. h6 a2 75. h7 Kb2 76. h8Q 1/2-1/2

[Event "Natal zt 2.4"]
[Site "Natal"]
[Date "2022.10.05"]
[Round "5"]
[White "Do Nascimento, Davi Alves"]
[Black "Pinto, Carlos Henrique Lop"]
[Result "1-0"]
[WhiteElo "1922"]
[BlackElo "2152"]
[PlyCount "77"]
[EventDate "2022.10.03"]
[EventType "swiss"]
[EventRounds "9"]
[EventCountry "BRA"]
[SourceTitle "EXT 2024"]
[Source "ChessBase"]
[SourceDate "2023.10.10"]
[SourceVersion "1"]
[SourceVersionDate "2023.10.10"]
[SourceQuality "1"]

1. d4 Nf6 2. c4 g6 3. Nc3 Bg7 4. Nf3 d6 5. Bg5 h6 6. Bh4 Nbd7 7. e3 0-0 8. Be2 c5 9. d5 a6 10. a4 g5 11. Bg3 Nh5 12. Qc2 Nxg3 13. hxg3 Nf6 14. Nd2 Bd7 15. Nde4 Nxe4 16. Nxe4 f5 17. Nc3 Qa5 18. Ra3 Rab8 19. f4 g4 20. Bd3 Rf7 21. Rh5 Rbf8 22. Kf2 Qd8 23. Rb3 Qc8 24. Rb6 Qc7 25. a5 e5 26. dxe6 Bxe6 27. Nd5 Bxd5 28. cxd5 Qd7 29. b4 cxb4 30. Rxb4 Qd8 31. Rb6 Rc7 32. Qb1 Qe7 33. Bxf5 Rf6 34. Be6+ Kh8 35. Rh1 Rxe6 36. dxe6 Qxe6 37. Rxb7 Rc3 38. Re1 Rc8 39. Rb8 1-0

[Event "BRA-ch 86th"]
[Site "Natal"]
[Date "2020.01.11"]
[Round "1.6"]
[White "Pinto, Carlos Henrique Lop"]
[Black "Lima, Darcy Gustavo Macha"]
[Result "1/2-1/2"]
[WhiteElo "2135"]
[BlackElo "2534"]
[PlyCount "76"]
[EventDate "2020.01.10"]
[EventType "k.o."]
[EventRounds "4"]
[EventCountry "BRA"]
[SourceTitle "CBM 194 Extra"]
[Source "ChessBase"]
[SourceDate "2020.03.31"]
[SourceVersion "1"]
[SourceVersionDate "2020.03.31"]
[SourceQuality "1"]

1. d4 Nf6 2. c4 e6 3. Nf3 c5 4. g3 d5 5. Bg2 Nc6 6. 0-0 Be7 7. Nc3 0-0 8. cxd5 Nxd5 9. e4 Nb6 10. d5 exd5 11. exd5 Nb4 12. Ne5 Bf5 13. a3 Na6 14. Be3 Bd6 15. f4 f6 16. Nd3 Nc4 17. Bc1 Re8 18. g4 Bg6 19. f5 Bf7 20. Nf4 Bxf4 21. Bxf4 Nd6 22. Qd3 Qd7 23. Rad1 Nc7 24. a4 b6 25. Qg3 Rad8 26. h4 h5 27. Bxd6 Qxd6 28. Rf4 Qe5 29. Kh2 hxg4 30. Qxg4 Bxd5 31. Nxd5 Nxd5 32. Bxd5+ Rxd5 33. Rg1 Rd2+ 34. Kh3 Rd3+ 35. Kh2 Rd2+ 36. Kh3 Rd3+ 37. Kh2 Rd2+ 38. Kh3 Rd3+ 1/2-1/2

[Event "Joao Pessoa de Assis Memorial 1st"]
[Site "Joao Pessoa"]
[Date "2019.11.17"]
[Round "6"]
[White "Lima, Luiz Alexandre de S"]
[Black "Pinto, Carlos Henrique Lop"]
[Result "0-1"]
[WhiteElo "1810"]
[BlackElo "2139"]
[PlyCount "74"]
[EventDate "2019.11.15"]
[EventType "swiss"]
[EventRounds "6"]
[EventCountry "BRA"]
[SourceTitle "CBM 193 Extra"]
[Source "ChessBase"]
[SourceDate "2020.01.31"]
[SourceVersion "1"]
[SourceVersionDate "2020.01.31"]
[SourceQuality "1"]

1. c4 Nf6 2. Nc3 g6 3. e4 d6 4. d4 Bg7 5. f3 c6 6. Be3 a6 7. Qd2 b5 8. a3 Nbd7 9. Bd3 bxc4 10. Bxc4 d5 11. Ba2 dxe4 12. fxe4 Ng4 13. Bf4 e5 14. dxe5 Ngxe5 15. 0-0-0 0-0 16. Nf3 Qb6 17. Be3 Qa5 18. Nd4 Rb8 19. Bf4 Qb6 20. Rhf1 Nd3+ 21. Kb1 Nxf4 22. Rxf4 Bxd4 23. Na4 Qc7 24. Rxf7 Rxf7 25. Qxd4 Qe5 26. Qc4 Qe7 27. Rf1 Ne5 28. Qd4 Be6 29. Bxe6 Qxe6 30. Rxf7 Nxf7 31. Nc5 Qe5 32. Qf2 Rd8 33. Qc2 a5 34. Ka2 Qd4 35. Ne6 Qd3 36. Qxc6 Rb8 37. Nc5 Qb5 0-1

[Event "Fortaleza Gadelha Memorial"]
[Site "Fortaleza"]
[Date "2019.08.16"]
[Round "3"]
[White "Pinto, Carlos Henrique Lop"]
[Black "De Oliveira, Guibson Martins"]
[Result "1-0"]
[WhiteElo "2135"]
[BlackElo "1863"]
[PlyCount "115"]
[EventDate "2019.08.15"]
[EventType "swiss"]
[EventRounds "7"]
[EventCountry "BRA"]
[SourceTitle "CBM 191 Extra"]
[Source "ChessBase"]
[SourceDate "2019.09.30"]
[SourceVersion "1"]
[SourceVersionDate "2019.09.30"]
[SourceQuality "1"]

1. d4 Nf6 2. c4 g6 3. Nc3 d5 4. cxd5 Nxd5 5. e4 Nxc3 6. bxc3 c5 7. Nf3 Bg7 8. Rb1 0-0 9. Be2 Nc6 10. d5 Bxc3+ 11. Bd2 Bxd2+ 12. Qxd2 Nb8 13. h4 f6 14. h5 g5 15. Bd3 Kh8 16. h6 a6 17. a4 b5 18. axb5 axb5 19. Bxb5 Qa5 20. 0-0 Qxd2 21. Nxd2 Ba6 22. Nc4 Bxb5 23. Rxb5 Nd7 24. Rb7 Rfd8 25. Rfb1 Rab8 26. Na5 Rxb7 27. Rxb7 Ne5 28. Nc6 Re8 29. Nxe7 c4 30. Rc7 Ra8 31. Kh2 Ng4+ 32. Kg3 Nxh6 33. Rxc4 Nf7 34. Nf5 Rd8 35. Rc7 Kg8 36. Rc6 h5 37. Rxf6 Ne5 38. Re6 h4+ 39. Kh3 Nd3 40. Rg6+ Kf7 41. Rxg5 Nxf2+ 42. Kxh4 Nxe4 43. Nh6+ Kf6 44. Ng4+ Kf7 45. Rh5 Ra8 46. Ne5+ Kf6 47. Nd7+ Kg6 48. Re5 Ra4 49. g4 Nf2 50. Re6+ Kg7 51. Re7+ Kg8 52. Nf6+ Kf8 53. Re2 Nd3 54. Kg5 Kf7 55. Nd7 Ra5 56. Ne5+ Kg7 57. Nxd3 Rxd5+ 58. Ne5 1-0

[Event "Recife Tavares Memorial 2nd"]
[Site "Recife"]
[Date "2019.05.12"]
[Round "5"]
[White "Da Silva Araujo, Gabriel Victor"]
[Black "Pinto, Carlos Henrique Lop"]
[Result "1/2-1/2"]
[WhiteElo "1985"]
[BlackElo "2142"]
[PlyCount "115"]
[EventDate "2019.05.10"]
[EventType "swiss"]
[EventRounds "6"]
[EventCountry "BRA"]
[SourceTitle "CBM 190 Extra"]
[Source "ChessBase"]
[SourceDate "2019.07.15"]
[SourceVersion "1"]
[SourceVersionDate "2019.07.15"]
[SourceQuality "1"]

1. Nf3 Nf6 2. c4 g6 3. Nc3 Bg7 4. d4 0-0 5. Bg5 c5 6. e3 Qa5 7. Qd2 d6 8. Be2 Nc6 9. 0-0 a6 10. Rfd1 cxd4 11. exd4 Bd7 12. d5 Nb8 13. Nd4 Be8 14. Bxf6 Bxf6 15. Ne4 Qxd2 16. Nxf6+ exf6 17. Rxd2 Nd7 18. Rc1 f5 19. Rdc2 Kg7 20. b4 b6 21. Nc6 Rc8 22. Bf3 Kf6 23. Kf1 Ne5 24. Nxe5 Kxe5 25. Re2+ Kf6 26. Ke1 Bb5 27. Rec2 Rfe8+ 28. Kd2 Bd7 29. Rc3 a5 30. a3 axb4 31. axb4 Ra8 32. Kd3 f4 33. c5 bxc5 34. bxc5 Bb5+ 35. Kd2 dxc5 36. Rxc5 Ra2+ 37. R1c2 Rxc2+ 38. Kxc2 Be2 39. Rc6+ Kf5 40. Rc7 f6 41. d6 Bxf3 42. gxf3 Rd8 43. Rxh7 Rxd6 44. Ra7 Rd5 45. Rb7 Kg5 46. Rh7 Rd8 47. Rh3 f5 48. Rh7 Ra8 49. Kd2 Ra1 50. Ke2 Rh1 51. Rh3 Kf6 52. Rh4 Ke5 53. Rh8 g5 54. Rh5 Kf6 55. Rh6+ Kg7 56. Rh5 Kg6 57. Rh8 Ra1 58. h4 1/2-1/2

[Event "Joao Pessoa Fischer Memorial 10th"]
[Site "Joao Pessoa"]
[Date "2019.03.29"]
[Round "2"]
[White "Pinto, Carlos Henrique Lop"]
[Black "Arruda Filho, Ivo Pereira de"]
[Result "1-0"]
[WhiteElo "2132"]
[BlackElo "1733"]
[PlyCount "71"]
[EventDate "2019.03.29"]
[EventType "swiss"]
[EventRounds "6"]
[EventCountry "BRA"]
[SourceTitle "CBM 190 Extra"]
[Source "ChessBase"]
[SourceDate "2019.07.15"]
[SourceVersion "1"]
[SourceVersionDate "2019.07.15"]
[SourceQuality "1"]

1. d4 Nf6 2. c4 e6 3. Nf3 Bb4+ 4. Bd2 Qe7 5. g3 0-0 6. Bg2 Nc6 7. 0-0 Bxd2 8. Qxd2 d5 9. Nc3 Rd8 10. cxd5 exd5 11. Qc2 Be6 12. a3 a6 13. Rac1 Rac8 14. b4 g6 15. Qd2 Kg7 16. Na4 Nd7 17. Rc3 Nb6 18. Nxb6 cxb6 19. Rfc1 Rc7 20. Qf4 Rdc8 21. h4 Qf6 22. Qxf6+ Kxf6 23. e3 Rd8 24. Ne5 Rd6 25. a4 b5 26. axb5 axb5 27. Bf1 Re7 28. Nxc6 bxc6 29. Rxc6 Red7 30. R6c5 Kg7 31. Rxb5 Ra7 32. Ra5 Rdd7 33. Rxa7 Rxa7 34. b5 Ra8 35. Kg2 Rb8 36. b6 1-0

[Event "BRA-ch 85th"]
[Site "Natal"]
[Date "2019.01.30"]
[Round "1.2"]
[White "Barbosa, Evandro Amorim"]
[Black "Pinto, Carlos Henrique Lop"]
[Result "1-0"]
[WhiteElo "2515"]
[BlackElo "2136"]
[PlyCount "131"]
[EventDate "2019.01.29"]
[EventType "k.o."]
[EventRounds "4"]
[EventCountry "BRA"]
[SourceTitle "CBM 188 Extra"]
[Source "ChessBase"]
[SourceDate "2019.02.26"]
[SourceVersion "1"]
[SourceVersionDate "2019.02.26"]
[SourceQuality "1"]

1. e4 e6 2. d3 d5 3. Qe2 Ne7 4. Nf3 Nbc6 5. g3 dxe4 6. dxe4 Nd4 7. Nxd4 Qxd4 8. Nc3 Nc6 9. Be3 Qb4 10. 0-0-0 Bc5 11. f4 Bd7 12. Nb5 0-0-0 13. a3 Bxe3+ 14. Qxe3 Qa5 15. Be2 Kb8 16. Rd2 Bc8 17. Rhd1 Rxd2 18. Rxd2 Rd8 19. Rxd8 Nxd8 20. b4 Qb6 21. Qxb6 axb6 22. e5 Bd7 23. Nc3 Bc6 24. Kd2 Bg2 25. Ke3 Nc6 26. Kf2 Bh3 27. g4 Nd4 28. Bd1 h5 29. Ke3 c5 30. gxh5 Bf5 31. Kd2 Kc7 32. b5 Kd7 33. a4 Ke7 34. Nb1 Be4 35. Na3 Bd5 36. Kc3 Kd7 37. Nc4 Bxc4 38. Kxc4 Nf5 39. Kd3 Kc7 40. Bf3 Ne7 41. Be4 Ng8 42. Ke3 Nh6 43. Kf3 f6 44. Kg3 Kc8 45. Bd3 Kc7 46. h3 Kc8 47. Kf3 Kc7 48. Be4 Kc8 49. exf6 gxf6 50. f5 e5 51. Ke3 Kc7 52. Kd3 Kd6 53. Kc4 Kc7 54. Kd5 Kd7 55. a5 bxa5 56. Kxc5 b6+ 57. Kxb6 a4 58. Ka7 a3 59. Bd5 e4 60. b6 e3 61. b7 e2 62. b8Q e1Q 63. Be6+ Ke7 64. Qc7+ Ke8 65. Qd7+ Kf8 66. Qd8+ 1-0

[Event "Recife Arraes Memorial 11th"]
[Site "Recife"]
[Date "2018.07.29"]
[Round "5"]
[White "Brito, Luismar Jorge"]
[Black "Pinto, Carlos Henrique Lop"]
[Result "1-0"]
[WhiteElo "2352"]
[BlackElo "2138"]
[PlyCount "90"]
[EventDate "2018.07.27"]
[EventType "swiss"]
[EventRounds "6"]
[EventCountry "BRA"]
[SourceTitle "CBM 186 Extra"]
[Source "ChessBase"]
[SourceDate "2018.08.24"]
[SourceVersion "1"]
[SourceVersionDate "2018.08.24"]
[SourceQuality "1"]

1. b3 Nf6 2. Bb2 d6 3. f4 g6 4. Nf3 Bg7 5. e3 0-0 6. Be2 Nbd7 7. 0-0 c6 8. Qe1 e5 9. fxe5 Ng4 10. Nc3 Ndxe5 11. Nd1 Bf5 12. Rc1 a5 13. a4 Qe7 14. Nd4 Bd7 15. Qg3 h5 16. Nf3 Nxf3+ 17. gxf3 Bxb2 18. Nxb2 h4 19. Qg2 Nh6 20. Kh1 Kh7 21. Rg1 Rg8 22. Nc4 Be6 23. Qg5 Qxg5 24. Rxg5 d5 25. Nb2 f6 26. Rgg1 Rae8 27. Kg2 Bf5 28. Kf2 Nf7 29. c4 Ng5 30. Bf1 Rc8 31. d3 Bd7 32. Bg2 Kh6 33. d4 Bf5 34. Rgd1 Rge8 35. Nd3 Bxd3 36. Rxd3 f5 37. Rdc3 Rcd8 38. cxd5 Rxd5 39. Rc4 Ne6 40. f4 Rd7 41. b4 axb4 42. Rxb4 Ree7 43. Rcb1 Nd8 44. R4b3 g5 45. fxg5+ Kxg5 1-0

[Event "Natal Regiion-ch sf"]
[Site "Natal"]
[Date "2017.11.04"]
[Round "5"]
[White "Pinto, Carlos Henrique Lop"]
[Black "Souza, Rafael Cabral de"]
[Result "1/2-1/2"]
[WhiteElo "2118"]
[BlackElo "2164"]
[PlyCount "117"]
[EventDate "2017.11.02"]
[EventType "swiss"]
[EventRounds "7"]
[EventCountry "BRA"]
[SourceTitle "CBM 181 Extra"]
[Source "ChessBase"]
[SourceDate "2017.12.12"]
[SourceVersion "1"]
[SourceVersionDate "2017.12.12"]
[SourceQuality "1"]

1. d4 d5 2. c4 c6 3. cxd5 cxd5 4. Nc3 Nf6 5. Bf4 Nc6 6. e3 Bf5 7. Nf3 a6 8. Bd3 Bxd3 9. Qxd3 e6 10. 0-0 Be7 11. Rac1 Rc8 12. h3 0-0 13. a3 Na5 14. Nd2 b5 15. e4 dxe4 16. Ncxe4 Qd5 17. Ng5 Nc6 18. Ngf3 Rcd8 19. Nb3 e5 20. Bxe5 Nxe5 21. Nxe5 Qxe5 22. dxe5 Rxd3 23. exf6 Bxf6 24. Nc5 Rd2 25. Nxa6 Bxb2 26. Rc5 Bxa3 27. Rxb5 g6 28. Nc7 Rc8 29. Nd5 Kg7 30. Ne3 Rc3 31. Rd5 Re2 32. Re5 Kf8 33. Rd1 Rc1 34. Rxc1 Bxc1 35. Kf1 Ra2 36. g4 f6 37. Re4 Ra3 38. Ke2 Ra2+ 39. Kf3 Ra3 40. Ke2 Ra2+ 41. Kf3 Ra3 42. Rc4 Bxe3 43. fxe3 Ra7 44. h4 Kf7 45. Kf4 h6 46. h5 gxh5 47. gxh5 Ra5 48. Rc7+ Ke6 49. Rc6+ Ke7 50. Kg4 Rg5+ 51. Kh4 Kf7 52. Rc7+ Kg8 53. Re7 Rg1 54. e4 Rg5 55. Re8+ Kg7 56. Re7+ Kg8 57. Re8+ Kh7 58. Re7+ Kg8 59. Re6 1/2-1/2

[Event "Natal Regiion-ch sf"]
[Site "Natal"]
[Date "2017.11.02"]
[Round "1"]
[White "Santiago, Yago de Moura"]
[Black "Pinto, Carlos Henrique Lop"]
[Result "1-0"]
[WhiteElo "2510"]
[BlackElo "2118"]
[PlyCount "99"]
[EventDate "2017.11.02"]
[EventType "swiss"]
[EventRounds "7"]
[EventCountry "BRA"]
[SourceTitle "CBM 181 Extra"]
[Source "ChessBase"]
[SourceDate "2017.12.12"]
[SourceVersion "1"]
[SourceVersionDate "2017.12.12"]
[SourceQuality "1"]

1. d4 f5 2. c4 g6 3. Nf3 Bg7 4. Nc3 Nf6 5. Bf4 d6 6. e3 c6 7. Be2 Na6 8. 0-0 0-0 9. h3 Kh8 10. a3 Nc7 11. Rc1 Be6 12. b4 a6 13. Bh2 Bg8 14. Re1 h6 15. Bf1 Ne4 16. Nxe4 fxe4 17. Nd2 d5 18. cxd5 Bxd5 19. Qg4 Nb5 20. a4 Nd6 21. Qxg6 Rf6 22. Qg4 Be6 23. Qh4 Nf5 24. Qxe4 Bd5 25. Qd3 Nh4 26. Bg3 Ng6 27. Ne4 Rc8 28. Nc5 Qe8 29. Nxb7 h5 30. Qd1 h4 31. Qh5+ Kg8 32. Bxh4 Nxh4 33. Qxh4 Qg6 34. Nc5 Rcf8 35. Qg4 Qf7 36. f4 Rd6 37. Bd3 Kh8 38. Ne4 Rh6 39. Ng5 Qf6 40. Bc4 Qd6 41. Bxd5 Qxd5 42. Qf3 Qb3 43. Rxc6 Bf6 44. Ne4 Qxb4 45. Rec1 Qxa4 46. Rc8 Bg7 47. Rxf8+ Bxf8 48. Rc8 Kg7 49. Qg4+ Rg6 50. Qf5 1-0

[Event "BRA-ch 83rd"]
[Site "Rio de Janeiro"]
[Date "2017.02.13"]
[Round "10"]
[White "Carneiro, Vitor Roberto Castr"]
[Black "Pinto, Carlos Henrique Lop"]
[Result "1-0"]
[WhiteElo "2426"]
[BlackElo "2121"]
[PlyCount "59"]
[EventDate "2017.02.06"]
[EventType "tourn"]
[EventRounds "11"]
[EventCountry "BRA"]
[EventCategory "6"]
[SourceTitle "CBM 176 Extra"]
[Source "ChessBase"]
[SourceDate "2017.03.02"]
[SourceVersion "1"]
[SourceVersionDate "2017.03.02"]
[SourceQuality "1"]

1. c4 f5 2. g3 Nf6 3. Bg2 g6 4. Nc3 Bg7 5. e3 0-0 6. Nge2 d6 7. 0-0 c6 8. d3 Qe8 9. e4 e5 10. h3 Na6 11. Be3 Nh5 12. Qd2 Nc5 13. f4 Ne6 14. Rf2 exf4 15. gxf4 Qe7 16. Raf1 Bd7 17. d4 fxe4 18. Nxe4 Rae8 19. d5 cxd5 20. cxd5 Nc5 21. Bxc5 dxc5 22. d6 Qh4 23. Nxc5 Bxh3 24. d7 Bxg2 25. Rxg2 Rxe2 26. Rxe2 Ng3 27. Qd5+ Kh8 28. Re8 Qg4 29. Rxf8+ Bxf8 30. Qe5+ 1-0

[Event "BRA-ch 83rd"]
[Site "Rio de Janeiro"]
[Date "2017.02.10"]
[Round "6"]
[White "Macedo, Maximo Iack Miranda"]
[Black "Pinto, Carlos Henrique Lop"]
[Result "1-0"]
[WhiteElo "2366"]
[BlackElo "2121"]
[PlyCount "83"]
[EventDate "2017.02.06"]
[EventType "tourn"]
[EventRounds "11"]
[EventCountry "BRA"]
[EventCategory "6"]
[SourceTitle "CBM 176 Extra"]
[Source "ChessBase"]
[SourceDate "2017.03.02"]
[SourceVersion "1"]
[SourceVersionDate "2017.03.02"]
[SourceQuality "1"]

1. d4 Nf6 2. c4 g6 3. Nc3 Bg7 4. e4 d6 5. Nf3 0-0 6. h3 Na6 7. Bg5 h6 8. Be3 c5 9. d5 Nc7 10. Qd2 Kh7 11. g4 Nd7 12. h4 e5 13. h5 gxh5 14. g5 Rg8 15. Rxh5 Nf8 16. Be2 Ng6 17. gxh6 Bf6 18. Ng5+ Bxg5 19. Bxg5 f6 20. Be3 Qe8 21. 0-0-0 a6 22. Rh2 b5 23. Rg1 f5 24. Rhg2 b4 25. Bh5 bxc3 26. Qd1 cxb2+ 27. Kxb2 Rb8+ 28. Ka1 f4 29. Rxg6 Rxg6 30. Bxg6+ Qxg6 31. Rxg6 Kxg6 32. Bxc5 dxc5 33. d6 Ne6 34. d7 Bxd7 35. Qxd7 Kf6 36. Qh7 Nd4 37. a3 Rb3 38. Qg7+ Ke6 39. h7 Rxa3+ 40. Kb2 Rb3+ 41. Ka2 Rf3 42. Qg4+ 1-0

[Event "BRA-ch 83rd"]
[Site "Rio de Janeiro"]
[Date "2017.02.09"]
[Round "5"]
[White "Pinto, Carlos Henrique Lop"]
[Black "Matsuura, Everaldo"]
[Result "0-1"]
[WhiteElo "2121"]
[BlackElo "2480"]
[PlyCount "108"]
[EventDate "2017.02.06"]
[EventType "tourn"]
[EventRounds "11"]
[EventCountry "BRA"]
[EventCategory "6"]
[SourceTitle "CBM 176 Extra"]
[Source "ChessBase"]
[SourceDate "2017.03.02"]
[SourceVersion "1"]
[SourceVersionDate "2017.03.02"]
[SourceQuality "1"]

1. Nf3 d5 2. g3 Nf6 3. Bg2 g6 4. b3 Bg7 5. Bb2 c5 6. 0-0 0-0 7. d3 Nc6 8. Nbd2 Qc7 9. e4 d4 10. a3 e5 11. h3 Rb8 12. a4 b6 13. Bc1 a6 14. Nc4 Nd7 15. Nh2 b5 16. Nd2 Nb6 17. f4 exf4 18. gxf4 f5 19. axb5 axb5 20. Ndf3 fxe4 21. dxe4 d3 22. e5 dxc2 23. Qxc2 Nb4 24. Qe2 Bf5 25. Rd1 N6d5 26. Bd2 Bd3 27. Qf2 Nxf4 28. Bxf4 Rxf4 29. Qe3 Re4 30. Qg5 Bxe5 31. Ng4 Bxa1 32. Rxa1 Rxg4 33. hxg4 Re8 34. Rc1 c4 35. Qxb5 Rb8 36. Qg5 Qb6+ 37. Kh1 cxb3 38. Ne5 b2 39. Nxd3 bxc1Q+ 40. Nxc1 Qd6 41. Ne2 Re8 42. Qb5 Re5 43. Qc4+ Kg7 44. Qc3 Qc5 45. Qa1 Nd3 46. Nd4 Qc1+ 47. Qxc1 Nxc1 48. Kh2 Nd3 49. Kg3 Re3+ 50. Bf3 Ne1 51. Kf2 Nxf3 52. Nxf3 Ra3 53. g5 Kf7 54. Kg3 Ke6 0-1

[Event "BRA-ch 83rd"]
[Site "Rio de Janeiro"]
[Date "2017.02.08"]
[Round "3"]
[White "Pinto, Carlos Henrique Lop"]
[Black "Reis, Paulo F Jatoba"]
[Result "1/2-1/2"]
[WhiteElo "2121"]
[BlackElo "2397"]
[PlyCount "124"]
[EventDate "2017.02.06"]
[EventType "tourn"]
[EventRounds "11"]
[EventCountry "BRA"]
[EventCategory "6"]
[SourceTitle "CBM 176 Extra"]
[Source "ChessBase"]
[SourceDate "2017.03.02"]
[SourceVersion "1"]
[SourceVersionDate "2017.03.02"]
[SourceQuality "1"]

1. d4 Nf6 2. c4 g6 3. Nc3 Bg7 4. e4 d6 5. f4 0-0 6. Nf3 Na6 7. Bd3 Bg4 8. 0-0 Nd7 9. Be3 e5 10. fxe5 c5 11. Be2 Bxf3 12. gxf3 cxd4 13. Bxd4 dxe5 14. Be3 Nac5 15. Qd2 Ne6 16. Rad1 Nd4 17. Nb5 Nxb5 18. cxb5 Nb6 19. Qxd8 Rfxd8 20. b3 Bf8 21. a4 Bb4 22. Rxd8+ Rxd8 23. Rd1 Rxd1+ 24. Bxd1 Nc8 25. Be2 Ba5 26. Kf1 Bb6 27. Bd2 Bd4 28. Bc4 Nb6 29. Bd3 Nd7 30. Bc4 Nb6 31. Bd3 Kg7 32. Ke2 Nd7 33. a5 b6 34. a6 h5 35. Bc4 Kf6 36. Bd5 g5 37. h3 Bc5 38. Kd3 Nf8 39. Bc4 Ng6 40. Ke2 Ne7 41. Bc3 Nc8 42. Kd3 Ne7 43. Ke2 Ng6 44. Bd2 Nh4 45. Be1 Ng2 46. Bd2 Kg6 47. Bd3 f6 48. Bc4 Kg7 49. Be6 Nh4 50. Be1 Ng6 51. Bd2 Kf8 52. Bc4 Ke7 53. Kd3 Kf8 54. Ke2 Kg7 55. Be6 Nf8 56. Bf5 Kf7 57. Kd3 Ne6 58. Bxe6+ Kxe6 59. Kc4 Bg1 60. Bc1 Bc5 61. Bd2 Kd6 62. Bc1 Ke6 1/2-1/2

[Event "BRA-ch 83rd"]
[Site "Rio de Janeiro"]
[Date "2017.02.06"]
[Round "1"]
[White "Quintiliano Pinto, Renato Rodrigues"]
[Black "Pinto, Carlos Henrique Lop"]
[Result "1-0"]
[WhiteElo "2491"]
[BlackElo "2121"]
[PlyCount "93"]
[EventDate "2017.02.06"]
[EventType "tourn"]
[EventRounds "11"]
[EventCountry "BRA"]
[EventCategory "6"]
[SourceTitle "CBM 176 Extra"]
[Source "ChessBase"]
[SourceDate "2017.03.02"]
[SourceVersion "1"]
[SourceVersionDate "2017.03.02"]
[SourceQuality "1"]

1. Nf3 Nf6 2. d4 g6 3. c4 Bg7 4. Nc3 0-0 5. e4 d6 6. Be2 Na6 7. 0-0 e5 8. Be3 Ng4 9. Bg5 Qe8 10. c5 exd4 11. Nd5 Qxe4 12. Ne7+ Kh8 13. cxd6 cxd6 14. Nxc8 Raxc8 15. Nd2 Qe5 16. Bxg4 Qxg5 17. Bxc8 Rxc8 18. Rc1 Rf8 19. Nc4 Rd8 20. Qf3 Qe7 21. Na5 d5 22. Rfe1 Qd7 23. h3 Nb4 24. a3 d3 25. Red1 Nc2 26. Qxd3 Nd4 27. Nb3 Nxb3 28. Qxb3 d4 29. Rd3 Bf6 30. Qc4 Kg7 31. Qc5 b6 32. Qc6 Qe7 33. Qf3 Re8 34. g3 h5 35. h4 Qd7 36. Rc6 Re1+ 37. Kg2 Qe7 38. Qf4 Be5 39. Qd2 Bf6 40. Rf3 Re2 41. Qxe2 Qxe2 42. Rcxf6 d3 43. Rxf7+ Kh6 44. Rd7 Qxb2 45. Rff7 Qh8 46. Rxa7 d2 47. Rfd7 1-0

[Event "Natal Potiguar-ch"]
[Site "Natal"]
[Date "2017.01.18"]
[Round "11"]
[White "Macedo, Maximo Iack Miranda"]
[Black "Pinto, Carlos Henrique Lop"]
[Result "1-0"]
[WhiteElo "2352"]
[BlackElo "2136"]
[PlyCount "87"]
[EventDate "2017.01.10"]
[EventType "tourn"]
[EventRounds "11"]
[EventCountry "BRA"]
[SourceTitle "CBM 176 Extra"]
[Source "ChessBase"]
[SourceDate "2017.03.02"]
[SourceVersion "1"]
[SourceVersionDate "2017.03.02"]
[SourceQuality "1"]

1. d4 Nf6 2. c4 g6 3. Nc3 Bg7 4. e4 d6 5. Be2 Na6 6. Be3 0-0 7. g4 c5 8. d5 e6 9. g5 Ne8 10. h4 Nac7 11. a4 b6 12. h5 Rb8 13. Qc2 a6 14. Rd1 Qe7 15. dxe6 Bxe6 16. Nh3 Bd7 17. Nf4 Bc6 18. Ncd5 Qe5 19. Rh4 Bxd5 20. exd5 b5 21. hxg6 fxg6 22. axb5 axb5 23. cxb5 Qxg5 24. Nxg6 Qxg6 25. Bd3 Qg2 26. Bxh7+ Kf7 27. Be4 Qg1+ 28. Ke2 Qxd1+ 29. Kxd1 Rxb5 30. Bg6+ Ke7 31. Bg5+ Bf6 32. Re4+ Kd8 33. Bxe8 Nxe8 34. Rxe8+ Kxe8 35. Qe2+ Kf7 36. Bxf6 Kxf6 37. Qxb5 Ke5 38. Qd3 Rf4 39. Qg3 Kf5 40. Qh3+ Kg5 41. Ke2 Re4+ 42. Kd3 Rd4+ 43. Kc3 Rxd5 44. Qg2+ 1-0

[Event "Natal Potiguar-ch"]
[Site "Natal"]
[Date "2017.01.15"]
[Round "8"]
[White "Pinto, Carlos Henrique Lop"]
[Black "Macedo, Maximo Valerio"]
[Result "1/2-1/2"]
[WhiteElo "2136"]
[BlackElo "2051"]
[PlyCount "21"]
[EventDate "2017.01.10"]
[EventType "tourn"]
[EventRounds "11"]
[EventCountry "BRA"]
[SourceTitle "CBM 176 Extra"]
[Source "ChessBase"]
[SourceDate "2017.03.02"]
[SourceVersion "1"]
[SourceVersionDate "2017.03.02"]
[SourceQuality "1"]

1. f4 f5 2. g3 g6 3. Bg2 Nf6 4. Nf3 Bg7 5. 0-0 0-0 6. c4 c5 7. Nc3 Nc6 8. d3 d6 9. a3 a6 10. Rb1 Bd7 11. Bd2 1/2-1/2

[Event "BRA-ch sf Reg2 83rd"]
[Site "Natal"]
[Date "2016.11.14"]
[Round "6"]
[White "Pinto, Carlos Henrique Lop"]
[Black "Macedo, Maximo Iack Miranda"]
[Result "1/2-1/2"]
[WhiteElo "2097"]
[BlackElo "2345"]
[PlyCount "36"]
[EventDate "2016.11.12"]
[EventType "swiss"]
[EventRounds "7"]
[EventCountry "BRA"]
[SourceTitle "EXT 2018"]
[Source "ChessBase"]
[SourceDate "2017.10.13"]
[SourceVersion "1"]
[SourceVersionDate "2017.10.13"]
[SourceQuality "1"]

1. d4 Nf6 2. g3 d5 3. Nf3 c5 4. Bg2 Nc6 5. 0-0 e6 6. c4 dxc4 7. Qa4 Bd7 8. Qxc4 b5 9. Qd3 Rc8 10. dxc5 Bxc5 11. Na3 Nb4 12. Qb3 Bc6 13. Ne5 Bxg2 14. Kxg2 Qb6 15. Bd2 a5 16. Bxb4 axb4 17. Nc2 0-0 18. Nxb4 Ne4 1/2-1/2